000 00510nam a2200181Ia 4500
005 20250508161857.0
008 008 250505s9999 xx 000 0 eng d
037 _aTextual
040 _aFEDL
_beng
_cFEDL
041 _aeng
_2eng
084 _a378.73, AIK
_qFEDL
100 _aAiken Henry David
_9771731
245 0 _aPredicament of the university
260 _aLondon, UK
_bIndiana University Press
_c1971
300 _ax,404p.
942 _cTEXL
_h378.73, AIK
999 _c1372880
_d1372880